| 000 | 01248nam a22003497a 4500 | ||
|---|---|---|---|
| 003 | CHAP | ||
| 005 | 20220329141033.0 | ||
| 008 | 971013s1996 r 00010 d | ||
| 010 | _a61666 | ||
| 011 | _a62638 | ||
| 035 | _a66813 | ||
| 040 | _cCHAP | ||
| 090 | _aTesis | ||
| 100 | 0 | 0 |
_aMoreno Chán, Julián. _978580 |
| 245 | _aComparación de dos métodos de construcción de curvas de índice de sitio para Pinus pseudostrobus Lindl. en la región Hidalgo-Zinapécuaro de Michoacán | ||
| 260 |
_aChapingo , Méx. : _bEl autor, _c1996 |
||
| 300 | _a68 h. | ||
| 502 | _aTesis (Ing. Forestal) -- UACH. División de Ciencias Forestales | ||
| 590 |
_aALEPH _b10 _c20130110 _lUCH01 _h1343 |
||
| 590 |
_aBATCH-UPD _b10 _c20130110 _lUCH01 _h0205 |
||
| 590 |
_aBATCH-UPD _b10 _c20130110 _lUCH01 _h1717 |
||
| 590 |
_aBATCH-UPD _b10 _c20130409 _lUCH01 _h2217 |
||
| 590 |
_aBATCH-UPD _b10 _c20130914 _lUCH01 _h1631 |
||
| 590 |
_aCONVERSION _b10 _c20130109 _lUCH01 _h1333 |
||
| 650 | 1 | 4 |
_aIndices de localidad. _957571 |
| 650 | 1 | 4 |
_aPináceas _xMichoacán. _988250 |
| 650 | 1 | 4 |
_aPinus pseudostrobus. _988361 |
| 901 | _aBK | ||
| 942 | _cFOLL | ||
| 949 |
_bBC _cTES _d-152061 _eTS1 _h30822 _i66813 _si |
||
| 949 |
_bBC _cTES _d33724000603973 _eTS2 _fc.2 _h30823 _i66813 _si |
||
| 999 |
_c61666 _d61666 |
||